000 00698nam a2200193 a 4500
003 0
005 20250208115844.0
008 130125s19uu xx 00 eng d
050 _aPHS LB 1050.46
_b.H772 2012
100 _aHong, Sungwon.
245 _aLexile level and the English grade of high school IV 2010-2011 students /
_cSungwon Hong.
260 _aLas PiƱas City, Philippines :
_bSouthville International School and Colleges,
_c2012.
300 _a20 pages :
_billustrations ;
_c28 cm.
504 _aIncludes bibliographical references.
650 _aReading ability
_xInfluence
650 _aAcademic achievement
_xAnalysis
650 _aLexile framework for reading
942 _2lcc
_cPASS
999 _c98842
_d98842